00601nam a2200181 i 4500001001100000003000500011005001700016008004100033040002500074082002200099245005200121264005200173300002300225336002100248337002500269338002300294650010200317C2-0252432PPAK20180727215621.0031111s2000 my |||| ||||| | may d aPPAKbengcPPAKerda04a927.91430959522300aMajlis pengkisahan sejarah Tan Sri pages Ramlee 1aKuala Lumpur : bArkib Negara Malaysia , c2000 a22 pages ; c21 cm 2rdacontentatext 2rdamediaaunmediated 2rdacarrieravolume10aP. Ramlee, 1929-1973 ; Motion picture actor - Malaysia - Biography ; Actor - Malaysia - Biography